| 000 | 01343nam a2200277Ia 4500 | ||
|---|---|---|---|
| 999 |
_c48791 _d48791 |
||
| 001 | 15693 | ||
| 003 | GE_BSU | ||
| 005 | 20230502121920.0 | ||
| 008 | 181216s2014||||ge |||||||||||||| ||geo|| | ||
| 040 | _cGE_BSU | ||
| 041 | _ageo | ||
| 080 | _a632(075.8):574 ა-48 | ||
| 100 |
_aალექსიძე, გურამ _97983 |
||
| 245 |
_aმცენარეთა დაცვა / _cგურამ ალექსიძე; რედ: შაქრო ყანჩაველი; ტექ.რედ: გოჩა სირბილაძე. |
||
| 264 |
_aთბილისი : _bგ.გ, _c2014. |
||
| 300 |
_a312 გვ; _bილ; _c25 სმ. |
||
| 500 | _aწინამდებარე წიგნი გამოიცა ევროკავშირის დაფინანსებით | ||
| 504 | _aბიბლიოგრ.: გვ. 308-310 | ||
| 520 | _a.რეზიუმე ინგლ.ენაზე | ||
| 541 | _h20ლ. | ||
| 653 | _aმცენარეთა დაცვა | ||
| 653 | _aსასოფლო სამეურნეო კულტურები | ||
| 700 |
_aყანჩაველი, შაქრო _eრედაქტორი _917919 |
||
| 700 |
_aსირბილაძე, გოჩა _eტექ. რედაქტორი _917920 |
||
| 942 |
_cBK _2udc |
||